10 największych miast Papui-Nowej Gwinei - Statystyki

Ogólne statystyki
  • Ten quiz został rozwiązany 10 razy
  • Średni wynik to 4 z 10
Statystyki odpowiedzi
# Populacja Miasto % Poprawnych
1. 366 862 Port Moresby
100%
2. 103 42 Lae
78%
8. 29 339 Madang
44%
7. 38 134 Arawa
22%
10. 23 897 Bulolo
22%
9. 27 191 Kimbe
22%
6. 39 014 Kokopo
22%
3. 56 018 Mendi
22%
5. 46 230 Mount Hagen
22%
4. 49 097 Popondetta
22%
Nie znaleziono quizów pasujących do podanych kryteriów
Rozkład punktacji
Procent ludzi z każdym wynikiem
Percentyl według liczby udzielonych odpowiedzi
Twoja historia wyników
Nie rozwiązałeś tego quizu